LEADER 01385nam 2200457 450 001 9910460966803321 005 20200917021826.0 010 $a3-7329-9801-0 035 $a(CKB)3710000000515562 035 $a(EBL)4343839 035 $a(MiAaPQ)EBC4343839 035 $a(Au-PeEL)EBL4343839 035 $a(CaPaEBR)ebr11158366 035 $a(CaONFJC)MIL853580 035 $a(OCoLC)930022805 035 $a(EXLCZ)993710000000515562 100 $a20160302h20152015 uy 0 101 0 $ager 135 $aur|n|---||||| 181 $2rdacontent 182 $2rdamedia 183 $2rdacarrier 200 00$aBilder der Schizophrenie /$fDaniel Sollberger [and four others] (Hg.) 210 1$aBerlin, [Germany] :$cFrank & Timme,$d2015. 210 4$dİ2015 215 $a1 online resource (368 p.) 225 0 $aSchriftenreihe der Deutschsprachigen Gesellschaft fu?r Kunst und Psychopathologie des Ausdrucks e.V. (DGPA),$x2365-4090 ;$vBand 34 300 $aDescription based upon print version of record. 311 $a3-7329-0171-8 606 $aSchizophrenia 608 $aElectronic books. 615 0$aSchizophrenia. 676 $a616.8982 702 $aSollberger$b Daniel 801 0$bMiAaPQ 801 1$bMiAaPQ 801 2$bMiAaPQ 906 $aBOOK 912 $a9910460966803321 996 $aBilder der Schizophrenie$92026244 997 $aUNINA